000 nam a22 4500
999 _c138411
_d138409
005 20180220102524.0
008 180220b sp ||||| |||| 00| 0 spa d
020 _a8495379872
050 0 4 _aBL480
_bD53 2004
245 0 3 _aEl diablo en la edad moderna
_c/ María Tausiet, James S. Amelang (eds.)
250 _a1a ed.
260 _aParacuellos de Jarama, Madrid, España :
_bMarcial Pons,
_c2004.
300 _a381 p. :
_bil. ;
_c23 cm.
490 _aObras singulares
490 _aMarcial Pons, Historia
504 _aIncluye bibliografía (p. [357]-365) e índice.
650 7 _2LEMB
_aDemonología
_xHistoria
650 7 _2LEMB
_aDiablo
_xHistoria
700 1 _aAmelang, James S.,
_d[1952- ]
942 _2lcc
_cLIB